| Tag |
First Indicator |
Second Indicator |
Subfields |
| LEADER |
00000cam a2200000 4500 |
| 001 |
in00003844729 |
| 005 |
20190415183248.0 |
| 006 |
m o d |
| 007 |
cr |n||||||||n |
| 008 |
880926s1780 enk|||| o 00||||eng c |
| 035 |
|
|
|a (CU-RivES)N34580
|
| 035 |
|
|
|a (Uk-ES)006026888
|
| 035 |
|
|
|a (OCoLC)508157982
|
| 040 |
|
|
|a CU-RivES
|c CU-RivES
|d CU-RivES
|d CStRLIN
|d CU-RivES
|d Cengage Gale
|d UtOrBLW
|
| 050 |
|
4 |
|a AC4
|b .C373 1780
|
| 100 |
1 |
|
|a Caraccioli, Louis-Antoine,
|c marquis,
|d 1719-1803.
|
| 240 |
1 |
0 |
|a Voyage de la raison en Europe.
|l English
|
| 245 |
1 |
4 |
|a The travels of reason in Europe. Translated from the French of the Marquis Caraccioli.
|
| 264 |
|
1 |
|a London :
|b Printed for J. Macgowan, No. 27, Paternoster-Row; W. Charnley; and Whitefield and Company Newcastle,
|c MDCCLXXX. [1780]
|
| 300 |
|
|
|a 1 online resource (2 unnumbered pages, vi, 300 pages)
|
| 336 |
|
|
|a text
|b txt
|2 rdacontent
|
| 337 |
|
|
|a computer
|b c
|2 rdamedia
|
| 338 |
|
|
|a online resource
|b cr
|2 rdacarrier
|
| 500 |
|
|
|a A translation of 'Voyage de la raison en Europe' - With a Half-title.
|
| 510 |
4 |
|
|a English Short Title Catalog,
|c N34580.
|
| 500 |
|
|
|a Reproduction of original from Cambridge University Library.
|
| 500 |
|
|
|a Electronic resource.
|
| 651 |
|
0 |
|a Europe
|x Description and travel
|v Early works to 1800.
|0 http://id.loc.gov/authorities/subjects/sh92005862
|
| 655 |
|
7 |
|a Electronic books.
|2 local
|
| 710 |
2 |
|
|a Gale (Firm)
|0 http://id.loc.gov/authorities/names/no2008071348
|
| 752 |
|
|
|a Great Britain
|b England
|d London.
|
| 856 |
4 |
0 |
|u http://proxy.library.tamu.edu/login?url=http://find.galegroup.com/ecco/infomark.do?contentSet=ECCOArticles&docType=ECCOArticles&bookId=1525100700&type=getFullCitation&tabID=T001&prodId=ECCO&docLevel=TEXT_GRAPHICS&version=1.0&source=library&userGroupName=txshracd2898
|z Connect to the full text of this electronic book
|t 0
|
| 999 |
f |
f |
|s 7114cef4-bb6a-39c8-9867-30f1e925bc53
|i ae2e0910-3a9d-3568-accb-0383d347d1bc
|t 0
|
| 952 |
f |
f |
|a Texas A&M University
|b College Station
|c Electronic Resources
|d Available Online
|t 0
|e AC4 .C373 1780
|h Library of Congress classification
|
| 998 |
f |
f |
|a AC4 .C373 1780
|t 0
|l Available Online
|